| 000 | 00410nam a22001697a 4500 | ||
|---|---|---|---|
| 003 | BD-DhUIB | ||
| 005 | 20251101184653.0 | ||
| 008 | 251101b |||||||| |||| 00| 0 eng d | ||
| 040 |
_aBD-DhUIB _cBD-DhUIB |
||
| 050 | _a657 | ||
| 082 | _222 | ||
| 100 |
_aWeygandt, Jerry J. _9384 |
||
| 245 |
_aAccounting primciples/ _billus. ; _cby Jerry J. Weygandt. |
||
| 250 | _a12th ed. | ||
| 526 | _aBBA. | ||
| 942 |
_2ddc _cBK |
||
| 999 |
_c637 _d637 |
||